| 000 | 01130nas a2200313 a 4500 | ||
|---|---|---|---|
| 001 | 000043740 | ||
| 003 | DLC | ||
| 005 | 20251017124518.0 | ||
| 008 | 140409c20139999dr mr1pdd 0 z0spa d | ||
| 022 | _a2309-7825 | ||
| 040 |
_aDO-SdBNP _bspa _cBNPHU _erda |
||
| 043 | _anwdr | ||
| 222 | 0 |
_aAyuryogam _bperiódico de salud |
|
| 245 | 0 | 0 |
_aAyuryogam : _bperiódico de salud / _cInstituto Indio de Ciencias Yoguística. |
| 246 | 2 | 4 | _aBoletín de noticias Ayuryogam |
| 260 |
_aSanto Domingo : _bInstituto Indio de Ciencias Yoguística, _c2013-. |
||
| 300 |
_av. : _bil. ; _c29 cm. |
||
| 310 | _aMensual | ||
| 362 | 1 | _aInicia con: Edición no.1 (Septiembre, 2013-) | |
| 500 | _aCatalogación basada en: Edición no.1 (Septiembre, 2013-) | ||
| 500 | _aTítulo tomado de la cubierta | ||
| 500 | _aSubtítulo varía | ||
| 500 | _aEditor: 2013, Swami Rajarishishiva | ||
| 650 | 4 |
_aMedicina alternativa _zRepública Dominicana _vPUBLICACIONES PERIÓDICAS _971567 |
|
| 650 | 4 |
_aYogoterapia _vPUBLICACIONES PERIÓDICAS _971568 |
|
| 650 | 0 |
_aSalud mental _9803 |
|
| 700 | 1 |
_aRajarishishiva, Swami, _eed. _971569 |
|
| 942 |
_2ddc _cISSUE |
||
| 999 |
_c43229 _d43229 |
||